BIBLIOTECA

SENCICO

Estudio definitivo para la Rehabilitación y Mejoramiento de la carretera Nazca y Puquio : Memoria descriptiva anexos (Registro nro. 3320)

Detalles MARC
000 -LEADER
fixed length control field 00477nam a2200145Ia 4500
005 - DATE AND TIME OF LATEST TRANSACTION
control field 20251020182610.0
008 - FIXED-LENGTH DATA ELEMENTS--GENERAL INFORMATION
fixed length control field 200515s9999 xx 000 0 und d
082 ## - DEWEY DECIMAL CLASSIFICATION NUMBER
Classification number SC/625.71/M61/v. 1
110 ## - MAIN ENTRY--CORPORATE NAME
Corporate name or jurisdiction name as entry element Ministerio de Transporte y Comunicaciones, Vivienda y construcción
245 #0 - TITLE STATEMENT
Title Estudio definitivo para la Rehabilitación y Mejoramiento de la carretera Nazca y Puquio : Memoria descriptiva anexos
260 ## - PUBLICATION, DISTRIBUTION, ETC.
Place of publication, distribution, etc. Lima
260 ## - PUBLICATION, DISTRIBUTION, ETC.
Date of publication, distribution, etc. 1993
650 ## - SUBJECT ADDED ENTRY--TOPICAL TERM
Topical term or geographic name entry element CARRETERAS
942 ## - ADDED ENTRY ELEMENTS (KOHA)
Koha item type Libros
Existencias
Fecha de la última vez que lo usaron Pago total Signatura topográfica completa Código de barras Precio efectivo desde Tipo de documento Estado perdido Estado dañado No es para préstamo Retirado Ubicación permanente Ubicación actual Fecha de adquisición
15/05/2020   SC/625.71/M61/v. 1 Bib-Lima15053320 15/05/2020 Libros         Biblioteca Central Lima Biblioteca Central Lima 15/05/2020